Applications of environmental chemistry : (Record no. 1776)

000 -LEADER
fixed length control field 00678nam a22002054a 4500
001 - CONTROL NUMBER
control field 1776
003 - CONTROL NUMBER IDENTIFIER
control field BD-DhUET
008 - FIXED-LENGTH DATA ELEMENTS--GENERAL INFORMATION
fixed length control field 991213s2000 flua b 001 0 eng
020 ## - INTERNATIONAL STANDARD BOOK NUMBER
International Standard Book Number 1566703549
040 ## - CATALOGING SOURCE
Original cataloging agency DLC
Transcribing agency DLC
Modifying agency BD-DhUET
082 00 - DEWEY DECIMAL CLASSIFICATION NUMBER
Classification number 574.52
Item number WEI/2000
100 1# - MAIN ENTRY--PERSONAL NAME
Personal name Weiner, Eugene R.
245 10 - TITLE STATEMENT
Title Applications of environmental chemistry :
Remainder of title a practical guide for environmental professionals
Statement of responsibility, etc. by Eugene R. Weiner.
260 ## - PUBLICATION, DISTRIBUTION, ETC. (IMPRINT)
Place of publication, distribution, etc. Boca Raton:
Name of publisher, distributor, etc. Lewis Publishers,
Date of publication, distribution, etc. 2000.
300 ## - PHYSICAL DESCRIPTION
Extent 276 p. :
Other physical details ill. ;
Dimensions 26 cm.
504 ## - BIBLIOGRAPHY, ETC. NOTE
Bibliography, etc Includes bibliographies
650 #0 - SUBJECT ADDED ENTRY--TOPICAL TERM
Topical term or geographic name as entry element Environmental chemistry.
856 42 - ELECTRONIC LOCATION AND ACCESS
Uniform Resource Identifier http://www.loc.gov/catdir/enhancements/fy0646/99087370-d.html
942 ## - ADDED ENTRY ELEMENTS (KOHA)
Koha item type General Book
Holdings
Shelving location Piece designation (barcode) Price effective from Copy number Koha date last borrowed Location (home branch) Koha normalized classification for sorting Lost status Koha issues (times borrowed) Not for loan Damaged status Withdrawn status Date acquired Source of classification or shelving scheme Koha item type Koha date last seen Sublocation or collection (holding branch) Koha full call number
Circulation section1000992014-09-131 Central Library, BUET574_520000000000000_WEI_2000     2014-09-13 General Book2014-09-13Central Library, BUET574.52/WEI/2000
Circulation section1000982024-11-1722024-11-27Central Library, BUET574_520000000000000_WEI_2000 1   2005-02-23 General Book2024-11-27Central Library, BUET574.52 WEI/2000